Eastern Utah Libraries Catalog: Duchesne, Heber, Roosevelt, & Vernal

Where do diggers sleep at night? / (Record no. 201138)

MARC details
000 -LEADER
fixed length control field 01766cam a2200445 a 4500
001 - CONTROL NUMBER
control field ocn643762139
003 - CONTROL NUMBER IDENTIFIER
control field OCoLC
005 - DATE AND TIME OF LATEST TRANSACTION
control field 20241220164022.0
008 - FIXED-LENGTH DATA ELEMENTS--GENERAL INFORMATION
fixed length control field 100608s2012 nyua a 000 1 eng
010 ## - LIBRARY OF CONGRESS CONTROL NUMBER
LC control number 2010017588
020 ## - INTERNATIONAL STANDARD BOOK NUMBER
International Standard Book Number 9780375868481 (hardcover)
020 ## - INTERNATIONAL STANDARD BOOK NUMBER
International Standard Book Number 0375868488 (hardcover)
020 ## - INTERNATIONAL STANDARD BOOK NUMBER
International Standard Book Number 9780375968488 (hardcover library binding)
020 ## - INTERNATIONAL STANDARD BOOK NUMBER
International Standard Book Number 0375968482 (hardcover library binding)
035 ## - SYSTEM CONTROL NUMBER
System control number (OCoLC)643762139
Canceled/invalid control number (OCoLC)793892750
-- (OCoLC)794205584
-- (OCoLC)794326376
037 ## - SOURCE OF ACQUISITION
Source of stock number/acquisition Random House Childrens Books, Attn Order Entry 400 Hahn rd, Westminister, MD, USA, 21157
Note SAN 201-3975
040 ## - CATALOGING SOURCE
Original cataloging agency DLC
Language of cataloging eng
Transcribing agency DLC
Modifying agency BTCTA
-- BDX
-- CO2
-- OCLCO
-- CKE
-- MLY
042 ## - AUTHENTICATION CODE
Authentication code lcac
-- pcc
049 ## - LOCAL HOLDINGS (OCLC)
Holding library UOKA
050 00 - LIBRARY OF CONGRESS CALL NUMBER
Classification number PZ8.3.S274
Item number Whe 2012
082 00 - DEWEY DECIMAL CLASSIFICATION NUMBER
Classification number [E]
Edition number 22
092 ## - LOCALLY ASSIGNED DEWEY CALL NUMBER (OCLC)
Classification number E SAYRES
999 ## - SYSTEM CONTROL NUMBERS (KOHA)
Koha Dewey Subclass [OBSOLETE] 02792306
100 1# - MAIN ENTRY--PERSONAL NAME
Personal name Sayres, Brianna Caplan.
9 (RLIN) 5691502
245 10 - TITLE STATEMENT
Title Where do diggers sleep at night? /
Statement of responsibility, etc by Brianna Caplan Sayres ; illustrated by Christian Slade.
250 ## - EDITION STATEMENT
Edition statement 1st ed.
260 ## - PUBLICATION, DISTRIBUTION, ETC. (IMPRINT)
Place of publication, distribution, etc New York :
Name of publisher, distributor, etc Random House,
Date of publication, distribution, etc c2012.
264 ## - Publisher, distributor, etc.
Place of production, publication, distribution, manufacture New York
Name of producer, publisher, distributor, manufacturer Random House
Date of production, publication, distribution, manufacture, or copyright notice 2012
300 ## - PHYSICAL DESCRIPTION
Extent 1 v. (unpaged) :
Other physical details col. ill. ;
Dimensions 21 x 26 cm.
336 ## - CONTENT TYPE
Content type term text
337 ## - MEDIA TYPE
Media type term unmediated
338 ## - CARRIER TYPE
Carrier type term volume
520 ## - SUMMARY, ETC.
Summary, etc Illustrations and rhyming text reveal what trucks, tractors, and construction vehicles do to get ready for bed after a hard day's work.
650 #0 - SUBJECT ADDED ENTRY--TOPICAL TERM
Topical term or geographic name as entry element Stories in rhyme
Form subdivision Juvenile fiction.
9 (RLIN) 5689358
650 #0 - SUBJECT ADDED ENTRY--TOPICAL TERM
Topical term or geographic name as entry element Trucks
Form subdivision Juvenile fiction.
9 (RLIN) 5689432
650 #0 - SUBJECT ADDED ENTRY--TOPICAL TERM
Topical term or geographic name as entry element Motor vehicles
Form subdivision Juvenile fiction.
9 (RLIN) 5691503
650 #0 - SUBJECT ADDED ENTRY--TOPICAL TERM
Topical term or geographic name as entry element Bedtime
Form subdivision Juvenile fiction.
9 (RLIN) 5674587
700 1# - ADDED ENTRY--PERSONAL NAME
Personal name Slade, Christian,
Relator term illustrator.
Relator code ill
9 (RLIN) 6005278
942 ## - ADDED ENTRY ELEMENTS (KOHA)
Source of classification or shelving scheme Dewey Decimal Classification
Item type BOOK
Holdings
Withdrawn status Lost status Source of classification or shelving scheme Damaged status Not for loan Collection code Home library Current library Shelving location Date acquired Source of acquisition Total Checkouts Total Renewals Full call number Barcode Date last seen Date last borrowed Cost, replacement price Price effective from Koha item type
    Dewey Decimal Classification     Children Picture Books Wasatch County Library Wasatch County Library Main Floor Childrens Area 02/21/2024 Penworthy 8 3 E Sayres 34301002066449 01/29/2026 01/12/2026 22.46 02/21/2024 BOOK
This project was made possible through a grant from the Institute of Museum and Library Service administered by the Utah State Library Division.

Wasatch County Library

  • 465 East 1200 South, Heber City, Utah 84032
  • Phone 435-654-1511 | Fax 435-654-6456

Hours

  • Monday - Friday 9:30 AM - 8:00 PM
  • Saturday 9:30 AM - 1:30 PM
  • Closed Sundays and Holidays